000 00659nam a2200205Ii 4500
003 JO-AjNU
008 230606s9999||||xx |||||||||||||| ||und||
020 _a0-87393-210-2
040 _aJO-AjNU
_beng
_erda
_cJO-AjNU
041 _aeng
050 1 4 _aHF5635.S9478 1993
100 3 _aSchugart,Gary L / Benjamin,James J /Francia,Arthur J / Strawser,Robert H,
_eauthor
_93341
245 0 0 _aSurvey of Financial Accounting
264 3 1 _aHouston: Dame Publications,1993
300 _aCH
_b Includes indexes
336 _atext
_btxt
_2rdacontent
337 _aunmediated
_bn
_2rdamedia
338 _avolume
_bnc
_2rdacarrier
650 4 _aFinancial Accounting
_93342
999 _aE1746
_c1746
_d1746